000 00906cam a2200325 i 4500
001 4171266
003 OSt
005 20140310184436.0
008 791219s1980 nyu j 000 1 eng
010 _a 79006553
020 _a0590427113
_c$7.95
040 _aDLC
_cDLC
_dDLC
042 _alcac
043 _an-us-ms
050 0 0 _aPZ 7
_b.B9825 1980
100 1 _aButterworth, W. E.
_q(William Edmund),
_d1929-
_927225
245 1 0 _aLeroy and the old man /
_cW. E. Butterworth.
260 _aNew York :
_bFour Winds Press,
_c1980.
300 _a168 p. :
_c22 cm.
521 _aG4
526 _c630
650 1 _aCrime
_xFiction.
_927226
650 1 _aGrandfathers
_xFiction.
_927227
650 1 _aFishers
_xFiction.
_927228
651 1 _aMississippi
_xFiction.
_927229
906 _a7
_bcbc
_corignew
_d1
_eocip
_f19
_gy-gencatlg
942 _2lcc
_cBK-SCHOLAS
999 _c34397
_d34397